000
00181nam a2200097Ia 4500
100
_a
#N/A
942
_c
BK
245
_a
Embedded Real time Systems
260
_b
#N/A
082
_b
22590
999
_c
33014
_d
33014